MDQL
is popping MORE tags! Check the
thread
!
Quizzes
Events
Quiz Creation
Community
Videos
Private Events
Remove Ads
Sign In
Join for FREE
Feedback
Dark Mode
Quiz Categories
Sports
Geography
Music
Movies
Television
Just For Fun
Miscellaneous
History
Literature
Language
Science
Gaming
Entertainment
Religion
Holiday
For Kids
Quiz Lab
Recent
Popular Today
Quiz Kudos Today
Editor Picks
Curator Picks
Quizzes by...
Day
Popularity
Type
Ratings
Length
Year
Community
Subscriptions
Recent Discussions
Orange Saloon
Badges
Playlists
Quests
Create
Leaderboards
Showdown
Live 5
Trivia Bingo
Activity
Puzzle Library
Sporcle Events
Private Events
Virtual Trivia
Globe League
Become a Host
Pub Owners
SporcleCon
Opinionation
Our Games
Videos
Blog
Mobile Apps
Partnerships
Remove Ads and Go Orange
Feedback
History
US Presidents
World Leaders
Politics
Nation
Discovery
War
Decade
Year
Century
Biography
Art
History
US Presidents
World Leaders
Politics
Nation
Discovery
War
Decade
Year
Century
Biography
Art
Random Quiz
Search Sporcle
×
Quiz Lab
Quiz Lab
History
Definition
Type in answers that appear in a list
Type in answers that appear in a list
Classic
Best Score? Go Orange.
Top 10 Defining Moments of the 2000s Stats
Can you name the Top 10 Defining Moments of the 2000s ?
By
gtechler
5m
10 Questions
458 Plays
458 Plays
458 Plays
Comments
Comments
Give Quiz Kudos
Give Quiz Kudos
-
- Ratings
hide this ad
Replay
Link that replays current quiz
Next Quiz
Link to next quiz in quiz playlist
You Got
0%
They Got
Avg Score
17%
Avg Friend Score
Upgrade to see
Score Distribution
Jump to the score distribution portion of the page
Score
0/10
Timer
05:00
0
Plays Today
Date
Event
% Correct
November 4, 2008
Obama
76.2%
September 11, 2001
9
27.9%
July 21, 2007
Harry Potter and the Deathly Hallows
22.1%
October 23, 2001
iPod
17.5%
October 17, 2004
Red Sox win World Series
15.5%
January 1, 2002
Euro
5.2%
February 4, 2004
Facebook
2.8%
December 26, 2004
Indian Ocean Earthquake
2.2%
November 12, 2008
Slumdog Millionare
1.1%
July 21, 2007
Pop Idol
0.4%
Quiz Playlist
Details
Report
Send in Message
Add To Playlist
Classic:
Type in answers that appear in a list
Quiz Source
Last Updated: Feb 16, 2017
Quiz Scoreboard
CHALLENGE
Sign Up to Join the Scoreboard
Show All
Scores
Hide
Comments
May contain spoilers
Recently Published
5x2 Blitz: Bands
by SL_Kpop136
Music
30s
Colored Red Africa Blitz
by spor1
Geography
30s
Find the 'City' Movie
by crazypaving
Movies
60s
More to Explore
Quiz From the Vault
Featured Blog Post
14 Easter Pick-up Lines to Find Eggs With
hide this ad
You Might Also Like...
Tags
Definition Quiz
2000
Category
date
Event
moment
Top 10
Today's Top Quizzes in History
Browse History
hide this ad
Today's Top Quizzes in Definition
Browse Definition
Top Contributed Quizzes in History
1
Popular People in 1991
2
US National Parks Named After People
3
Popular People in 1981
4
Popular People in 1951
5
Popular People in 1941
6
Complete a popular quote - Maya Angelou
7
Order Up: 1000 Years of World Events I
8
Popular People in 1986
9
Popular People in 1936
10
Popular People in 1926
Explore More
Trending Topics
Marvel
Anime
NBA
Harry Potter
Disney
Kpop
Crossword
Song
Country
The Office
Pokémon
Puzzle
NFL
WWE
Soccer
hide this ad
More By:
gtechler
Quiz
Plays
Rating
Category
Featured
Created
Title Within the Movie
448
2.11
Movies
Jan 9, 2010
Top Ten Zombie Films (ZombieRama.com)
325
4.00
Movies
Jan 2, 2010
Meryl Streep Oscar Wins/Nominations
210
3.50
Movies
Jan 2, 2010
Can you name Camus' Novels and Plays?
46
1.00
Literature
Nov 15, 2009
The 5 Rules of Project Mayhem
21
3.00
Literature
Jan 2, 2010
Go to Creator's Profile
Score Distribution
Quiz Creator Spotlight
gtechler
Follow
Send a Message
Quizzes Created
-
Created Quiz Play Count
-
More By This Creator
Popular Quizzes Today
1
Find the 'City' Movie
2
5x2 Blitz: Bands
3
Colored Red Africa Blitz
4
Find the US States - No Outlines Minefield
5
The Countries of the World
6
Find the US States
7
9x9 Crossword: Cartoon Network
8
US States
More History Quizzes
15 Famous Artists by Self-Portrait
Published
Trending Quizzes
Colored Red Europe Blitz I
Colored Red Africa Blitz II
Colored Red Europe Blitz III
Colored Red Europe Blitz II
Colored Red Africa Blitz III
Recently Updated
Champions League XIs: Real Madrid
pecheneg
Largest US Cities 1790-2010
pecheneg
Rides in Walt Disney World
pecheneg
Most Oscar Losses (Acting)
pecheneg
Beyoncé Albums
pecheneg
Leaping Animals
pecheneg
Reality TV Shows (A-Z)
bhenderson79
Rickey Henderson's Hall of Fame Teammates
pecheneg
Champions League XIs: Arsenal
pecheneg
Quick Pick: Celebrities in WWE's Hall of Fame
aduchscher
Trending Topics
Kpop
Marvel
NBA
Anime
Crossword
Disney
Harry Potter
Pokémon
Song
WWE
NFL
Country
The Office
Puzzle
Soccer
Your Account Isn't Verified!
In order to create a playlist on Sporcle, you need to verify the email address you used during registration. Go to your
Sporcle Settings
to finish the process.
Report this User
Report this user for behavior that violates our
Community Guidelines
.
Details:
Send Report
Go to the Sporcle.com Mobile Site →
Comments